| 000 | 00678nam a2200205 a 4500 | ||
|---|---|---|---|
| 005 | 20260304063927.0 | ||
| 008 | 991125s1974 ea 000 0 spa u | ||
| 020 | _a0133908720 | ||
| 035 | _aUPN01000028320 | ||
| 049 | _aCG | ||
| 050 | 4 |
_aHD38 _bG4.38 |
|
| 100 | 1 | _aGeorge, Claude S. | |
| 245 | 1 | 0 |
_aHistoria del pensamiento administrativo / _cClaude S. George ; tr. y adaptación Guillermo Maldonado Santa Cruz. |
| 260 |
_aEnglewood Cliff, N. J. : _bPrentice-Hall, _c1974. |
||
| 300 | _a217 p. | ||
| 590 | _a(También localizas un ejemplar en el "Area de Reserva") | ||
| 590 | _aBibliografía Básica (BGTQ) | ||
| 650 | 4 |
_aAdministración _xHistoria _9424 |
|
| 905 | _aLibro | ||
| 999 |
_c28320 _d28320 |
||